青藏高原山脉地图 Qinghai-Tibet Plateau Mountains Map - Statistics

General Stats
  • This quiz has been taken 157 times
  • The average score is 8 of 14
Answers on the Map
Answers color-coded by a green-red scale on the quiz's map according to % correct below.
 
Answer Stats
主峰 海拔 山脉 % Correct
珠穆朗玛峰 8844 喜马拉雅山脉
99%
玉龙雪山 5596 横断山
93%
公格尔山 7649 昆仑山
93%
各拉丹冬峰 6621 唐古拉山
92%
祁连山 5547 祁连山
89%
念青唐古拉峰 7162 念青唐古拉山
72%
乔戈里峰 8611 喀喇昆仑山
64%
苏拉木塔格 6295 阿尔金山
55%
冷布岗日 7095 冈底斯山
53%
年保玉则峰 5369 巴颜喀拉山
47%
贡嘎山 7556 大雪山
28%
玛卿岗日 6282 阿尼玛卿山
23%
岗扎日 6305 可可西里山
16%
大洼顶 3562 乌鞘岭
12%
No matching quizzes found
Score Distribution
Percent of People with Each Score
Percentile by Number Answered
Your Score History
You have not taken this quiz